| 000 | 00452nam a2200181Ia 4500 | ||
|---|---|---|---|
| 001 | 22543 | ||
| 005 | 20260414150838.0 | ||
| 008 | 260414t2008||||xx |||||||||||||| ||spa|| | ||
| 041 | _aESP | ||
| 082 |
_a621.382 _bH46 |
||
| 100 |
_aHerrera Pérez, Enrique _eAUT |
||
| 245 | 0 |
_aIntroducción a las telecomunicaciones modernas _b |
|
| 260 | _c2008 | ||
| 300 |
_a412 páginas : _c25 cm. |
||
| 650 | _aTCA | ||
| 654 | _aCET | ||
| 942 |
_cLIB _dJUS _fJUS _2ddc _n |
||
| 999 |
_c22543 _d22543 |
||